LEADER 00926nam a2200241 i 4500 001 000000037118 003 CaOOAMICUS 005 20120407000000.0 008 120407s1957 it u000 u ita u 013 $a7342 040 $aSeMil$bita 100 1 $aBernasconi, Ennio.$0(OLS)http://semarc/name/17640 245 13$aLe beatitudini :$bmeditazioni /$cMons. Ab. Ennio Bernasconi. 260 $aMilano :$bPaoline,$cstampa 1957. 300 $a308 p. ;$c19 cm. 490 0 $aVoci dall'alto ;$v45 650 4$aBibbia - NT - Matteo - Beatitudini.$0(OLS)http://semarc/subject/2750 830 0$aVoci dall'alto ;$v45.$0(OLS)http://semarc/title/196 850 $aSeMil 852 $aSeMil$W1$xVenegono$y1$m2C V 295$j3273$B3273$CSeMilBibl$Z2$F3273 $81 961 $aOmaggio: Deposito 996 $6245$aLe beatitudini :$bmeditazioni$9(OLS)http://semarc/title/51799 996 $6260$aMilano :$bPaoline$9(OLS)http://semarc/publisher/29684 LEADER 01199nam a2200265 i 4500 001 000000106168 003 CaOOAMICUS 005 20020424000000.0 008 020424s1999 it u000 u ita u 013 $a78362 020 $a88-343-0189-7 040 $aSeMil$bita 245 13$aIl ministero del Papa in prospettiva ecumenica :$batti del Colloquio, Milano, 16-18 aprile 1998 /$ca cura di Antonio Acerbi. 260 $aMilano :$bVita e Pensiero,$c1999. 300 $aVI, 338 p. ;$c22 cm. 490 0 $aScienze religiose ;$v10 650 4$aPietro - Primato.$0(OLS)http://semarc/subject/4313 700 1 $aAcerbi, Antonio <1935-2004>.$0(OLS)http://semarc/name/15858 830 0$aScienze religiose ;$v10.$0(OLS)http://semarc/title/6614 850 $aSeMil 852 $aSeMil$W1$xVenegono$y1$m3A III 150$j62320$B62320$CSeMilBibl$Z2$F71538 $81 961 $aAcquisto: Mescat 996 $6020$a88-343-0189-7$9(OLS)http://semarc/number/86649 996 $6245$aIl ministero del Papa in prospettiva ecumenica :$batti del Colloquio, Milano, 16-18 aprile 1998$9(OLS)http://semarc/title/153889 996 $6260$aMilano :$bVita e Pensiero$9(OLS)http://semarc/publisher/29642